000 00270nam a2200133Ia 4500
100 _aCameron/Edward A.
942 _cBK
654 _aAlgebra
245 _aAlgebra & Trigonometry
260 _bHolt
_aNewyork
_c1960
300 _a290
546 _aENGLISH
999 _c24826
_d24826